000 00738nam a22002177a 4500
999 _c15398
_d15398
003 AR-CdUCM
008 190427b ||||| |||| 00| 0 spa d
040 _aMUNICIPALIDAD PROVINCIAL DEL CUSCO
_cBIBLIOTECA MUNICIPAL DEL CUSCO
082 _a345.73 /
_bC78 / 1916
110 _aCorte Suprema de Justicia
_925973
245 _aAnales judiciales de la Corte Suprema de Justicia :
_baño judicial 1912 /
260 _aLima :
_bLibr. e Impr. Gil,
_c1916.
300 _a422 páginas ;
_c23 cm.
440 _aPublicación oficial
_934456
505 _aContenido: t.8. Sección judicial.
650 _aPoder judicial
_96955
650 _aJusticia
_97448
650 _aCorte suprema
_928867
942 _2ddc
_cLIBROS
945 _aacv
_d2019-04-27